Songs by first line - Statistics

General Stats
  • This quiz has been taken 267 times
  • The average score is 5 of 15
Answer Stats
Line Song % Correct
Well, you can tell by the way I use my walk Stayin alive
64%
I hear the drums echoing tonight Africa
63%
Ground control to Major Tom Space Oddity
60%
When the night has come Stand By Me
53%
I remember when rock was young Crocodile Rock
50%
Well, shake it up, baby, now Twist and Shout
49%
Tonight, I'm gonna have myself a real good time Don't stop me now
42%
I took my love, and I took it down Landslide
36%
Come out, Virginia, don't let me wait Only the Good Die Young
28%
Don't go for second best, baby Express yourself
16%
Dear, I fear we're facing a problem Lovefool
11%
I looked out this morning and the Sun was gone More Than A Feeling
11%
Last night, I was taking a walk along the river Angeleyes
7%
Like the fool, I went and stayed too long Signed, Sealed, Delivered
7%
You went to school to learn, girl ABC
6%
No matching quizzes found
Score Distribution
Percent of People with Each Score
Percentile by Number Answered
Your Score History
You have not taken this quiz